Normal view MARC view
  • PANDEY, DR. MEENU

Entry Personal Name

Number of records used in: 1

001 - CONTROL NUMBER

  • control field: 8692

003 - CONTROL NUMBER IDENTIFIER

  • control field: JRU

005 - DATE AND TIME OF LATEST TRANSACTION

  • control field: 20250917115602.0

008 - FIXED-LENGTH DATA ELEMENTS

  • fixed length control field: 250917|| aca||aabn | a|a d

040 ## - CATALOGING SOURCE

  • Original cataloging agency: JRU
  • Transcribing agency: JRU

100 ## - HEADING--PERSONAL NAME

  • Personal name: PANDEY, DR. MEENU

670 ## - SOURCE DATA FOUND

  • Source citation: Work cat.: (JRU)8827: PANDEY, DR. MEENU, A TEXT BOOK OF COMMUNICATION SKILLS . [ 1ST YEAR B. PHARM] SEM-1